Comentario de la Ciencia Política y la sociología: para una crítica de su razón científica

Guardat en:
Dades bibliogràfiques
Format: Text
Publicat: s.c.e :
Etiquetes: Afegir etiqueta
Sense etiquetes, Sigues el primer a etiquetar aquest registre!

MARC

LEADER 00000 a a2200000 04500
001 16486
003
040
090 |a EXTRAVIADO  
245 |a Comentario de la Ciencia Política y la sociología: para una crítica de su razón científica  
260 |a s.c.e :  
300 |a 72 p.  
999 |c 16068  |d 16068